LEADER 01031nam a2200241 i 4500 001 000000162632 003 CaOOAMICUS 005 20080125000000.0 008 080125s2007 it u000 u ita u 013 $a139996 020 $a978-88-89094-59-4 040 $aSeMil$bita 100 1 $aSchinella, Ignazio .$0(OLS)http://semarc/name/90533 245 10$aCattolicesimo e pietà popolare :$buna sfida per il terzo millennio /$cI. Schinella. 260 $aNapoli :$bEDI,$c2007. 300 $aXLVI, 218 p. ;$c22 cm. 650 4$aCattolicesimo - Pietà popolare.$0(OLS)http://semarc/subject/17896 850 $aSeMil 852 $aSeMil$W1$xVenegono$y1$m2F III 619$j113964$B113964$CSeMilBibl$Z2$F131313 $81 961 $aOmaggio per recensione: Scuola Cattolica 996 $6020$a978-88-89094-59-4$9(OLS)http://semarc/number/78838 996 $6245$aCattolicesimo e pietà popolare :$buna sfida per il terzo millennio$9(OLS)http://semarc/title/146418 996 $6260$aNapoli :$bEDI$9(OLS)http://semarc/publisher/44045 LEADER 01020nam a2200253 i 4500 001 000000064802 003 CaOOAMICUS 005 20131021000000.0 008 131021s1976 xx u000 u fre u 013 $a35974 020 $a2-204-01027-8 040 $aSeMil$bita 100 1 $aBastin, Marcel.$0(OLS)http://semarc/name/32623 245 10$aJésus devant sa passion /$cMarcel Bastin. 260 $aParis :$bLes Éditions du Cerf,$ccopyr. 1976. 300 $a188 p. ;$c22 cm. 490 0 $aLectio divina [Cerf]v92 650 4$aBibbia. Nuovo Testamento. Vangeli - Passione di Gesù.$0(OLS)http://semarc/subject/2837 830 0$aLectio divina ;$v92.$0(OLS)http://semarc/title/8 850 $aSeMil 852 $aSeMil$W1$xVenegono$y1$m2WA K 92$j30955$B30955$CSeMilBibl$Z2$F30958 $81 996 $6020$a2-204-01027-8$9(OLS)http://semarc/number/41890 996 $6245$aJésus devant sa passion$9(OLS)http://semarc/title/102726 996 $6260$aParis :$bLes Éditions du Cerf$9(OLS)http://semarc/publisher/29611